• 首页
  • 本馆介绍
  • 公告通知
  • 最新文献
  • 馆藏检索
  • 电子资源
  • 读者导购
  • 参考咨询
  • 我的图书馆
  • 登录
  • 详细信息显示
  • 放入我的书架
  • 预约/预借图书
  • 作者相关作品
  • 分类相关作品
  • 丛书相关作品
  • 出版社相关作品

书目信息

  • 表格格式
  • 工作单格式
  • 卡片格式
题名:
科学素养的基准
    
 
作者: ;美国科学促进协会 著 ;中国科学技术协会 译
分册:  
出版信息: 北京   科学普及出版社  2001
页数: 339页
开本: 20×20cm
丛书名: 21世纪科学教育书系
单 册:
中图分类: G571.2 , G40-05 , G4
科图分类:
主题词: 科学教育学--标准--美国 , 科学教育学 , 教育
电子资源:
ISBN: 7-110-05083-1
000 01115oam2 2200337 450
001 1534584304
005 20151110141850.42
010    @a7-110-05083-1@dCNY39.00
100    @a20010911d2001 em y0chiy0110 ea
101 1  @achi@ceng
102    @aCN@b110000
105    @aa z 000yy
200 1  @a科学素养的基准@9ke xue su yang de ji zhun@f美国科学促进协会著@g中国科学技术协会译
210    @a北京@c科学普及出版社@d2001
215    @a339页@c图@d20×20cm
225 2  @a21世纪科学教育书系@i2061计划丛书
305    @a牛津大学出版社授权出版
330    @a本书设计了每个成年人达到在科学、数学和技术方面应该具备的知识和技能的可认知的步骤。
461  0 @12001 @a21世纪科学教育书系
462  0 @12001 @a2061计划丛书
510 1  @aBenchmarks for Science Literacy@zeng
606 0  @a科学教育学@x标准@y美国
606 0  @a科学教育学
606 0  @a教育
690    @aG571.2@v5
690    @aG40-05@v5
690    @aG4@v4
711 02 @a美国科学促进协会@9mei guo ke xue cu jin xie hui@4著
712 02 @a中国科学技术协会@9zhong guo ke xue ji shu xie hui@4译
801  0 @aCN@bTSSF@c20150203
905    @aZUCC@dG4@eJY786
    
    科学素养的基准/美国科学促进协会著/中国科学技术协会译.-北京:科学普及出版社,2001
    339页:图;20×20cm.-(21世纪科学教育书系.2061计划丛书)
    
    
    ISBN 7-110-05083-1:CNY39.00
    本书设计了每个成年人达到在科学、数学和技术方面应该具备的知识和技能的可认知的步骤。
●
相关链接 在E读中查询图书 在五车中查询图书 在当当中查询图书 在豆瓣中查询图书


正题名:科学素养的基准     索取号:G4/JY786         预约/预借

序号 登录号 条形码 馆藏地/架位号 状态 备注
1 7865627   278656278   学院路分馆/ [索取号:G4/JY786] 在馆    
唐山师范学院图书馆 欢迎您!
大连网信软件有限公司© 版权所有